000 004320000a22001690004500
003 MACL
005 20160112140222.0
008 160112b xxu||||| |||| 00| 0 eng d
040 _aMACL
_cMACL
041 _aEnglish
082 _a954/PHA
100 _aPubcation Division
_926067
245 _aIndia A Reference Annual
_b1974
260 _bPublication Division
_c1974
_aIndia
650 _aHistory
_931352
942 _cBK
_k954/Pha
_2ddc
999 _c35885
_d35885